Phelps prehral po štyroch rokoch! Majstrovstvá sveta v plaveckých športoch

Bibliographic Details
Format: Article
Language:Slovak
PhysicalDescription:Fotogr., tab.
ISSN:0139-7001
Subjects:

MARC

LEADER 00000nab a2200000 ar4500
001 vtls009936695
003 SK-MaSNL
005 20260303214300.0
008 090805c20090729xo wr|p|||||||000 b|slo
015 |a SNBRBL2009/08 
038 |a SNKBUCL 
040 |a SNKBUCL  |b slo  |c SNKBUCL  |e AACR2 
041 0 |a slo 
044 |a xo  |c SK 
080 |a 797.2.093.1  |x (100)  |2 2001 
245 0 0 |a Phelps prehral po štyroch rokoch!  |b Majstrovstvá sveta v plaveckých športoch 
300 |b Fotogr., tab. 
611 2 7 |a Majstrovstvá sveta v plaveckých športoch  |d (2009 :  |c Rím, Taliansko)  |2 snkbucl  |9 1249140 
650 0 7 |a plavecké športy  |2 snkbucl  |9 75914 
773 0 |t Šport  |g Roč. 63, č. 174 (29.7.2009), s. 33  |x 0139-7001 
852 |a SNK  |b KIS3GCP 
999 |c 2216218  |d 2218148